[Event "FRA-chT2D 0506"]
[Site "France"]
[Date "2006.03.12"]
[Round "9.7"]
[White "Golema, Philippe"]
[Black "Colin, Serge"]
[Result "1-0"]
[WhiteElo "1968"]
[BlackElo "1957"]
[PlyCount "87"]
[EventDate "2005.10.27"]
[EventType "team-tourn"]
[EventRounds "11"]
[EventCountry "FRA"]
[SourceTitle "EXT 2006"]
[Source "ChessBase"]
[SourceDate "2005.11.24"]
[SourceVersion "1"]
[SourceVersionDate "2005.11.24"]
[SourceQuality "1"]
[WhiteTeam "Selestat"]
[BlackTeam "Nancy"]
[WhiteTeamCountry "FRA"]
[BlackTeamCountry "FRA"]

1. e4 e5 2. Nf3 Nc6 3. Bc4 Nf6 4. d3 h6 5. c3 Na5 6. Nxe5 Nxc4 7. Nxc4 d6 8. 0-0 Bg4 9. Qe1 Be7 10. f4 b5 11. Ne3 Bh5 12. Nd2 Nh7 13. Nf3 c6 14. Nf5 Bf6 15. e5 dxe5 16. fxe5 0-0 17. exf6 Nxf6 18. Qg3 Bg6 19. Ne5 Qc7 20. Nxg6 Qxg3 21. Nge7+ Kh7 22. Nxg3 Ng4 23. Nxc6 a6 24. h3 Nf6 25. d4 Nd5 26. Rf5 Nb6 27. Rf3 Rae8 28. Ne5 f6 29. Nd3 a5 30. b3 Nd5 31. Bd2 h5 32. Re1 Rc8 33. Nc5 b4 34. c4 Nc7 35. Ne6 Nxe6 36. Rxe6 Kg6 37. d5 h4 38. Ne2 Kf7 39. Bg5 Rh8 40. Bxf6 gxf6 41. Rfxf6+ Kg7 42. Nd4 Rh5 43. Nf5+ Kg8 44. Ne7+ 1-0

[Event "FRA-chT2D 0506"]
[Site "France"]
[Date "2006.02.05"]
[Round "7.7"]
[White "Golema, Philippe"]
[Black "Riff, Sebastien"]
[Result "0-1"]
[WhiteElo "1968"]
[BlackElo "2265"]
[PlyCount "93"]
[EventDate "2005.10.27"]
[EventType "team-tourn"]
[EventRounds "11"]
[EventCountry "FRA"]
[SourceTitle "EXT 2006"]
[Source "ChessBase"]
[SourceDate "2005.11.24"]
[SourceVersion "1"]
[SourceVersionDate "2005.11.24"]
[SourceQuality "1"]
[WhiteTeam "Selestat"]
[BlackTeam "Mulhouse"]
[WhiteTeamCountry "FRA"]
[BlackTeamCountry "FRA"]

1. e4 c5 2. Nf3 e6 3. Nc3 d6 4. g3 Nc6 5. Bg2 Nge7 6. d3 g6 7. Be3 Bg7 8. Qd2 Nd4 9. 0-0 0-0 10. Nd1 Nxf3+ 11. Bxf3 b6 12. Bh6 Bb7 13. Bxg7 Kxg7 14. Bg2 d5 15. Nc3 Qd7 16. Rad1 Rad8 17. Qc1 e5 18. f4 d4 19. Ne2 f6 20. fxe5 fxe5 21. Qg5 Nc6 22. a3 Qe6 23. Kh1 c4 24. Ng1 Ba6 25. Bh3 Qd6 26. Nf3 h6 27. Qg4 Bc8 28. Qh4 c3 29. b4 b5 30. Bxc8 Rxc8 31. Qg4 Rce8 32. Kg2 Qe6 33. Qxe6 Rxe6 34. Rb1 Rb8 35. h3 Rb6 36. Rb3 Ra6 37. Kf2 Ra4 38. Ke2 Nd8 39. h4 Nf7 40. Nh2 Re8 41. Ra1 Nd8 42. Nf3 Nc6 43. Kd1 Kf6 44. g4 Ke6 45. Ke2 Rxb4 46. Rab1 Rxb3 47. Rxb3 0-1

[Event "Selestat op-A 13th"]
[Site "Selestat"]
[Date "2006.02.??"]
[Round "1"]
[White "Komarov, Dimitri"]
[Black "Golema, Philippe"]
[Result "1-0"]
[WhiteElo "2516"]
[BlackElo "1968"]
[PlyCount "53"]
[EventDate "2006.02.23"]
[EventType "swiss"]
[EventRounds "7"]
[EventCountry "FRA"]
[SourceTitle "CBM 111 Extra"]
[Source "ChessBase"]
[SourceDate "2006.05.09"]
[SourceVersion "1"]
[SourceVersionDate "2006.05.09"]
[SourceQuality "1"]

1. d4 d5 2. Nf3 Nf6 3. c4 e6 4. Nc3 c6 5. Bg5 Nbd7 6. e3 Be7 7. Qc2 0-0 8. Rd1 Re8 9. a3 Qa5 10. Bd3 dxc4 11. Bxc4 Nb6 12. Bd3 h6 13. Bxf6 Bxf6 14. 0-0 Bd7 15. Ne4 Be7 16. Ne5 Rad8 17. b4 Qa4 18. Qb2 Nd5 19. Nc4 Bc8 20. Nc3 Nxc3 21. Qxc3 Qb5 22. Nd6 Qh5 23. Nxe8 Rxe8 24. e4 e5 25. dxe5 Bd8 26. a4 Rxe5 27. Be2 1-0

[Event "France-ch U16"]
[Site "Reims"]
[Date "2004.12.04"]
[Round "3"]
[White "Golema, Philippe"]
[Black "Canterini, Baptiste"]
[Result "1/2-1/2"]
[WhiteElo "2036"]
[BlackElo "2080"]
[PlyCount "111"]
[EventDate "2004.04.??"]
[EventType "swiss"]
[EventRounds "9"]
[EventCountry "FRA"]
[SourceTitle "EXT 2005"]
[Source "ChessBase"]
[SourceDate "2004.11.15"]
[SourceVersion "1"]
[SourceVersionDate "2004.11.15"]
[SourceQuality "1"]

1. e4 c5 2. Nc3 Nc6 3. Nf3 g6 4. Bc4 Bg7 5. a3 e6 6. d3 Nge7 7. 0-0 d5 8. exd5 exd5 9. Ba2 0-0 10. h3 a6 11. Ne2 b5 12. c3 Nf5 13. Bg5 Qd7 14. Rc1 Bb7 15. Qd2 Rfe8 16. Ng3 d4 17. Ne4 Ne5 18. Nxe5 Rxe5 19. Bf4 dxc3 20. bxc3 Bxe4 21. Bxe5 Bxg2 22. Kxg2 Bxe5 23. f4 Bc7 24. Rcd1 Qc6+ 25. Kg1 Ng3 26. Rfe1 Qh1+ 27. Kf2 Qh2+ 28. Kf3 Qxh3 29. Qg2 Qxg2+ 30. Kxg2 Nf5 31. Kf3 Ba5 32. Rc1 Rd8 33. Bb1 b4 34. axb4 cxb4 35. cxb4 Bxb4 36. Re4 a5 37. Rc7 Nd4+ 38. Ke3 Nb5 39. Rc1 Nc3 40. Re5 f6 41. Re6 Kf7 42. Ra6 Re8+ 43. Kf3 Re7 44. Bc2 Ne2 45. Bb3+ Kg7 46. Rc4 f5 47. Ba4 h6 48. Bd1 Nc3 49. Bb3 g5 50. fxg5 hxg5 51. Rcc6 Re1 52. Rg6+ Kh7 53. Rh6+ Kg7 54. Rag6+ Kf8 55. Rh7 g4+ 56. Kf2 1/2-1/2

[Event "France-ch U16"]
[Site "Reims"]
[Date "2004.04.20"]
[Round "4"]
[White "Heinz, Timothee"]
[Black "Golema, Philippe"]
[Result "1-0"]
[WhiteElo "2120"]
[BlackElo "2036"]
[PlyCount "65"]
[EventDate "2004.04.??"]
[EventType "swiss"]
[EventRounds "9"]
[EventCountry "FRA"]
[SourceTitle "EXT 2005"]
[Source "ChessBase"]
[SourceDate "2004.11.15"]
[SourceVersion "1"]
[SourceVersionDate "2004.11.15"]
[SourceQuality "1"]

1. e4 c5 2. Nf3 Nc6 3. d4 cxd4 4. Nxd4 g6 5. c4 Bg7 6. Be3 Nf6 7. Nc3 d6 8. Be2 Ng4 9. Bxg4 Bxg4 10. f3 Bd7 11. 0-0 0-0 12. Nde2 Ne5 13. b3 Bc6 14. Qd2 a5 15. Rab1 Nd7 16. Rfd1 Re8 17. Nf4 Nb6 18. Rbc1 a4 19. Qf2 Nd7 20. b4 Ne5 21. Ncd5 g5 22. Nh5 Bxd5 23. Rxd5 h6 24. Nxg7 Kxg7 25. c5 Rc8 26. Rcd1 Rc6 27. Rxe5 dxe5 28. Rxd8 Rxd8 29. h4 f6 30. Qc2 b5 31. Qe2 Rb8 32. Qd3 Rc7 33. Qd5 1-0

[Event "Baden-Elsass m"]
[Site "Neumuehl"]
[Date "2003.09.14"]
[Round "?.23"]
[White "Golema, Philippe"]
[Black "Hauser, Carlos"]
[Result "0-1"]
[WhiteElo "2071"]
[BlackElo "1893"]
[PlyCount "80"]
[EventDate "2003.09.14"]
[EventType "team"]
[EventRounds "1"]
[EventCountry "GER"]
[SourceTitle "CBM 096 Extra"]
[Source "ChessBase"]
[SourceDate "2003.10.22"]
[SourceVersion "2"]
[SourceVersionDate "2003.10.20"]
[SourceQuality "1"]
[WhiteTeam "Elsass"]
[BlackTeam "Baden"]
[WhiteTeamCountry "FRA"]
[BlackTeamCountry "GER"]

1. e4 e5 2. Nf3 d6 3. Bc4 Be7 4. c3 Nf6 5. d3 0-0 6. Nbd2 c6 7. Bb3 Nbd7 8. 0-0 a6 9. Re1 b5 10. Nf1 Nc5 11. Bc2 Ne6 12. d4 Qc7 13. a4 Bd7 14. Ng3 Rfe8 15. Nf5 Bf8 16. N3h4 c5 17. d5 Nf4 18. g3 Ng6 19. Qf3 Nxh4 20. Nxh4 Bg4 21. Qg2 g6 22. h3 Bd7 23. Qf3 Bg7 24. Bg5 Qd8 25. axb5 Bxb5 26. Ba4 Qe7 27. c4 Bxa4 28. Rxa4 h6 29. Bxf6 Bxf6 30. Ng2 Bg7 31. Rea1 Qb7 32. Qa3 Bf8 33. Ra2 Reb8 34. Ne3 Qa7 35. Nc2 Rb6 36. b4 cxb4 37. Nxb4 Qb7 38. Nxa6 Rb3 39. Nc5 Rxa3 40. Nxb7 R3xa4 0-1

[Event "FRA-chT2O 0203"]
[Site "France"]
[Date "2003.03.16"]
[Round "9.7"]
[White "Dubreuil, Julien"]
[Black "Golema, Philippe"]
[Result "1/2-1/2"]
[WhiteElo "2177"]
[BlackElo "1960"]
[PlyCount "137"]
[EventDate "2002.10.??"]
[EventType "team"]
[EventRounds "11"]
[EventCountry "FRA"]
[SourceTitle "EXT 2004"]
[Source "ChessBase"]
[SourceDate "2003.11.25"]
[SourceVersion "1"]
[SourceVersionDate "2003.11.25"]
[SourceQuality "1"]
[WhiteTeam "Lyon Olympique"]
[BlackTeam "Selestat"]
[WhiteTeamCountry "FRA"]
[BlackTeamCountry "FRA"]

1. e4 c5 2. Nc3 Nc6 3. Bb5 g6 4. Nf3 Bg7 5. 0-0 d6 6. e5 d5 7. d4 c4 8. b3 cxb3 9. axb3 Nh6 10. Bf4 Nf5 11. g4 Nh6 12. h3 Ng8 13. Kg2 h5 14. g5 Qd7 15. Ng1 a6 16. Re1 e6 17. Nf3 Nge7 18. Nh4 Rb8 19. Bf1 b5 20. Ne2 Bb7 21. Kg1 Bf8 22. Be3 Qc7 23. Bg2 Rc8 24. Rc1 Ng8 25. Nf4 Ba3 26. Rb1 Nb4 27. c4 bxc4 28. bxc4 Qd7 29. c5 Nc6 30. Qa4 Bb4 31. Rxb4 Nxb4 32. Qxb4 Ne7 33. Rb1 Bc6 34. Bf3 Bb5 35. Qd2 Ra8 36. Be2 Bc6 37. Qa5 0-0 38. Rb6 Nc8 39. Rxa6 Rb8 40. Kg2 Bb7 41. c6 Bxc6 42. Qc5 Bb7 43. Ra1 Qd8 44. Nhxg6 fxg6 45. Nxe6 Qe7 46. Nxf8 Qxc5 47. dxc5 Kxf8 48. Bf3 Bc6 49. Ra6 Ne7 50. Bf4 Rb4 51. Bh2 Rb5 52. e6 Bb7 53. Ra7 Nc8 54. Bd6+ Ke8 55. Ra4 Ne7 56. Rf4 Bc6 57. Rf7 Rb7 58. Rh7 Kd8 59. Rh8+ Be8 60. c6 Nxc6 61. Bxd5 Rb6 62. Rh7 Ra6 63. Rc7 Ne7 64. Bxe7+ Kxc7 65. Bf6 Bc6 66. Bxc6 Kxc6 67. e7 Kd7 68. Kg3 Rc6 69. f3 1/2-1/2